| 000 | 00646nam a2200241 a 4500 | ||
|---|---|---|---|
| 001 | 0001-0991 | ||
| 003 | ELIB.Books | ||
| 008 | 141014 2010 eng | ||
| 020 | _a0809128896 | ||
| 035 | _a(ELIB.Books)0001-1145 | ||
| 092 |
_a253.5 _bTre |
||
| 100 | _aTreat, Stephen. | ||
| 245 |
_aPastoral Marital Therapy: _bA Practical for Ministry to Couples |
||
| 260 |
_aNew York _bPaulist Press _c1987 |
||
| 300 |
_a126 _c20.2 Cm |
||
| 500 | _aDr. Yahalaylayla | ||
| 650 | _aMarriage Counseling | ||
| 856 |
_nKBTS; Library _uKBTS; Elib. |
||
| 942 |
_2ddc _cBK |
||
| 990 | _a1 | ||
| 998 |
_cbat _e2014-10-14 |
||
| 999 |
_c10991 _d10991 |
||